000 00770nam a22002177a 4500
003 OSt
005 20260120073951.0
008 100322s2020 dr c 000 0 spa d
040 _aDO-SdBNP
_bspa
_cBNPHU
082 4 _a248.8
_bM491p
_222
100 1 _aMedina Jiménez, Noemi
_937920
245 1 0 _aPropósitos divinos:
_bel arte de amar /
_cNoemi Medina Jiménez
260 _aSanto Domingo :
_bVérité editorial group,
_c2020.
300 _a338 p. ;
_c21 cm.
500 _aIncluye referencias bibliográficas y notas a pie de las páginas.
590 _aInventariado, 2021/ YL
590 _aLa biblioteca posee un (1) ejemplar autografiado por el autor.
650 0 _aVida espiritual
_9268
910 _aYLOCKWARD/Validado. Control de calidad MFF
942 _2ddc
_cLBS1
999 _c49612
_d49612